| 000 | 00546nam a22001457a 4500 | ||
|---|---|---|---|
| 003 | SGT | ||
| 082 |
_a617.643 _bC22N |
||
| 100 | _aDeepika | ||
| 245 | _aComparative evaluation of maximum occlusal bite force changes in skeletal class II patients following functional and fixed mechanotherapy. | ||
| 260 |
_aGurugram, Haryana _bSGT University _c2022 |
||
| 300 | _a60 | ||
| 650 | _aOrthodontics & Dentofacial Orthopaedics | ||
| 653 | _aOrthodontics; Occlusal bite force; mechanotherapy; myofunctional therapy; fixed mechanotherapy | ||
| 942 |
_2ddc _cTH |
||
| 999 |
_c23681 _d23681 |
||